Statystyki dla Piłkarze Liverpoolu i ich narodowości

Kliknij tutaj aby rozwiązać quiz!

Ogólne statystyki

  • Ten quiz został rozwiązany 1 820 razy
  • Średni wynik to 19 z 22

Statystyki odpowiedzi

PiłkarzNarodowość% Poprawnych
AlissonBrazylia
99%
Virgil Van DijkHolandia
98%
T. Alexander-ArnoldAnglia
95%
FabinhoBrazylia
94%
Mohamed SalahEgipt
94%
Roberto FirminoBrazylia
93%
Georginio WijnaldumHolandia
93%
Jordan HendersonAnglia
92%
Sadio ManeSenegal
92%
Andrew RobertsonSzkocja
92%
Joe GomezAnglia
91%
A. Oxlade-ChamberlainAnglia
91%
James MilnerAnglia
91%
Xherdan ShaqiriSzwajcaria
91%
Adam LallanaAnglia
89%
Nathaniel ClyneAnglia
86%
AdrianHiszpania
83%
Rhian BrewsterAnglia
82%
Divock OrigiBelgia
82%
Dejan LovrenChorwacja
82%
Joel MatipKamerun
76%
Naby KeitaGwinea
53%

Rozkład punktacji

Percentyl według liczby udzielonych odpowiedzi

Procent ludzi z każdym wynikiem

Twoja historia wyników

Nie rozwiązałeś tego quizu